000 00686nam a2200205 i 4500
001 107871
003 ES-MaACL
005 20250902063102.0
007 t|
008 061121s1949 sp r ||||1| spa d
100 1 _aMounier, Emmanuel,
_d1905-1950
_983875
245 1 0 _aIntroducción a los existencialismos /
_cEmmanuel Mounier ; traducción de Daniel D. Montserrat ; revisada por Fernando Vela.
260 _aMadrid :
_bRevista de Occidente,
_c1949.
300 _a203 p. :
_bil. ;
_c18 cm.
650 0 4 _aExistencialismo.
_912679
700 1 _aMontserrat, Daniel D.
_982737
700 1 _aVela, Fernando.
_9113674
852 _aES-MaACL
_jD-6085
999 _c107871
_d107871